LEADER 00662nam a2200205 i 4500 001 000000245288 003 CaOOAMICUS 005 20151001000000.0 008 151001s1953 it u000 u ita u 013 $a224193 040 $aSeMil$bita 245 10$a[3]. 300 $a237 p. 500 $aFondo card. Giovanni Colombo. 773 0 $aCourtois, Gaston <1897-1970>$tIncontri con Dio.$b2. edizione.$dMilano [etc.] : Àncora, 1954.$w()32606 850 $aSeMil 852 $aSeMil$W1$xVenegono$y1$m3GC II 411/3$j195634$B195634$CSeMilBibl$Z2$F206313 $8B 941 1 $a3 961 $aLascito: Colombo Card. Giovanni 996 $6245$a[3]$9(OLS)http://semarc/title/108876 LEADER 00862nam a2200217 i 4500 001 000000066605 003 CaOOAMICUS 005 19990210000000.0 008 990210n it u000 u ita u 013 $a37777 020 $a8839923578 040 $aSeMil$bita 245 10$aTempo ordinario :$banno pari : settimana 23.-34. 300 $a475 p. 650 4$aAnno liturgico romano - Commenti.$0(OLS)http://semarc/subject/123 773 0 $aDella Torre, Luigi <1927-1996>$tCommento delle messe feriali.$dBrescia : Queriniana, copyr. 1991-copyr. 1994.$gVol.9$w()636 850 $aSeMil 852 $aSeMil$W1$xVenegono$y1$m3F VI 134$j32758$B32758$CSeMilBibl$Z2$F32761 $81 961 $aOmaggio: Donazione 996 $6020$a8839923578$9(OLS)http://semarc/number/44260 996 $6245$aTempo ordinario :$banno pari : settimana 23.-34$9(OLS)http://semarc/title/105947